Loading...
| Current Events | 1 | 20.00 | 100% | 100% | 0% |
| Fine Arts - Classical Music | 7 | 18.57 | 86% | 71% | 29% |
| Fine Arts - Other | 5 | 26.00 | 100% | 100% | 60% |
| Fine Arts - Painting and Sculpture | 6 | 21.67 | 100% | 67% | 50% |
| Geography | 2 | 10.00 | 50% | 50% | 0% |
| History - American | 5 | 26.00 | 100% | 100% | 60% |
| History - European | 6 | 21.67 | 100% | 83% | 33% |
| History - Other | 6 | 23.33 | 100% | 100% | 33% |
| History - World | 7 | 20.00 | 100% | 86% | 14% |
| Literature - American | 8 | 27.50 | 100% | 100% | 75% |
| Literature - British | 5 | 24.00 | 100% | 80% | 60% |
| Literature - European | 10 | 21.00 | 100% | 80% | 30% |
| Literature - World | 4 | 25.00 | 100% | 100% | 50% |
| Mythology | 7 | 17.14 | 100% | 57% | 14% |
| Other Academic | 2 | 20.00 | 100% | 100% | 0% |
| Philosophy | 6 | 23.33 | 100% | 100% | 33% |
| Pop Culture | 3 | 26.67 | 100% | 100% | 67% |
| Religion | 7 | 21.43 | 100% | 71% | 43% |
| Science - Biology | 6 | 18.33 | 100% | 67% | 17% |
| Science - Chemistry | 5 | 20.00 | 100% | 80% | 20% |
| Science - Other | 8 | 16.25 | 88% | 50% | 25% |
| Science - Physics | 6 | 18.33 | 100% | 67% | 17% |
| Social Science | 6 | 18.33 | 100% | 67% | 17% |